| LEADER 00000nam 2200000uu 4500 |
| 001 13399111172 |
| 003 BCNR |
| 008 110328s2552||||th 000 0 tha d |
| 020 9789741316076
|
| 060 04 W84.6^bก941ส 2552
|
| 100 0 โกมาตร จึงเสถียรทรัพย์,^d2502-
|
| 245 10 สุขภาพปฐมภูมิ บริการปฐมภูมิ :^bจากปรัชญาสู่ปฏิบัติการสุขภาพมิติใหม่ /^cโกมาตร จึงเสถียรทรัพย์, ประชาธิป กะทา
|
| 250 พิมพ์ครั้งที่ 3
|
| 260 กรุงเทพฯ :^bสำนักวิจัยสังคมและสุขภาพ (สวสส.),^c2552
|
| 300 0155 หน้า :^bภาพประกอบ ;^c21 ซม.
|
| 650 7 บริการทางการแพทย์
|
| 650 7 เวชศาสตร์ชุมชน
|
| 650 7 สาธารณสุขมูลฐาน
|
| 700 0 ประชาธิป กะทา
|
| 710 2 สำนักวิจัยสังคมและสุขภาพ
|
| 999 ^aบรรณารักษ์
|